000 00552nam a2200157 a 4500
008 120416s1978 ||||||||||||||||| || u
050 _aHD 82 Har
100 _aHarris, Donald J
245 1 0 _aCapital accumulation and income distribution
260 _aLondon
_bRoutledge and Kegan Paul
_c[1978]
300 _aix,313p.
350 _a0.00
650 0 _aECONOMICS
650 _aINCOME DISTRIBUTION
995 _D0.00
_FCBU-MAIN LIBRARY (Kitwe)
_H1
_I0.00
_M1
_UAVAILABLE
_ZAnnex Low-Usage Collection
999 _c36695
_d36695